[Event "Bahamas International"]
[Site "Nassau"]
[Date "2012.10.27"]
[Round "7"]
[White "Margvelashvili, Giorgi"]
[Black "Sarkar, Justin"]
[Result "1/2-1/2"]
[WhiteElo "2582"]
[BlackElo "2408"]
[PlyCount "254"]
[EventDate "2012.10.??"]
[EventType "swiss"]
[EventRounds "9"]
[EventCountry "BAH"]

1. d4 f5 2. Nc3 Nf6 3. Bg5 d5 4. Bxf6 exf6 5. e3 Be6 6. Bb5+ c6 7. Bd3 Bd6 8.
Nge2 g6 9. Qd2 Nd7 10. O-O-O Nb6 11. Kb1 Qc7 12. h4 h5 13. f3 O-O-O 14. e4 dxe4
15. fxe4 f4 16. Rdf1 Nc4 17. Qc1 Ne3 18. Rf2 g5 19. hxg5 fxg5 20. e5 Be7 21.
Rxf4 Nxg2 22. Rf2 Nh4 23. Ne4 g4 24. Ng5 Bxg5 25. Qxg5 Nf3 26. Qe3 Qa5 27. b3
c5 28. dxc5 Rd5 29. Rxf3 gxf3 30. Nf4 Rxc5 31. Nxe6 Rxe5 32. Qxf3 Rxe6 33. Bf5
Rhe8 34. Bxe6+ Rxe6 35. Rxh5 Qd8 36. Qh1 a6 37. Rh7 Re7 38. Qh3+ Kb8 39. Rh8
Re8 40. Qg3+ Ka8 41. Rxe8 Qxe8 42. Kb2 Qe4 43. Qd3 Qe5+ 44. Qc3 Qd5 45. b4 Kb8
46. Qf6 Qe4 47. Qd6+ Ka8 48. a4 Ka7 49. Qc5+ Kb8 50. Qd6+ Ka7 51. Kb3 Qf3+ 52.
Qd3 Qf7+ 53. Qc4 Qf3+ 54. Kb2 Qf6+ 55. Qc3 Qf4 56. Kb3 Qf7+ 57. Ka3 Qf4 58. Qe1
Qd4 59. c3 Qf4 60. Qd1 Qh6 61. Qd4+ Kb8 62. Qe5+ Ka8 63. Kb3 Qg6 64. Qh8+ Ka7
65. Qd4+ Ka8 66. Qd1 Qf7+ 67. Kb2 Qf2+ 68. Ka3 Qf6 69. Qd3 Qh6 70. Kb2 Qh2+ 71.
Kb3 Qh6 72. Qf5 Qh1 73. b5 Qd1+ 74. Kb4 axb5 75. axb5 Qd6+ 76. Qc5 Qf4+ 77. Kb3
Qf7+ 78. Qc4 Qg6 79. Qa4+ Kb8 80. Qf4+ Ka7 81. Qd4+ b6 82. Qd7+ Kb8 83. Qd8+
Kb7 84. Qd5+ Kb8 85. Qd6+ Kb7 86. Kc4 Qg4+ 87. Kd3 Qf3+ 88. Kd4 Qd1+ 89. Ke4
Qe2+ 90. Kf5 Qh5+ 91. Ke4 Qe2+ 92. Kd4 Qd1+ 93. Ke5 Qe1+ 94. Kf4 Qh4+ 95. Kf3
Qh3+ 96. Kf2 Qh4+ 97. Ke2 Qg4+ 98. Kd2 Qg2+ 99. Kc1 Qf2 100. Qd5+ Kb8 101. Kb1
Kc7 102. Qc6+ Kb8 103. Qc4 Kb7 104. Qb3 Kc7 105. Qb2 Qxb2+ 106. Kxb2 Kd6 107.
c4 Kd7 108. Kc1 Kc7 109. Kc2 Kd6 110. Kd3 Kd7 111. Ke2 Ke6 112. Ke3 Ke7 113.
Kf4 Kd6 114. Ke4 Ke6 115. Kd4 Kd6 116. Kc3 Kc7 117. Kb4 Kd6 118. c5+ bxc5+ 119.
Ka5 Kc7 120. b6+ Kb7 121. Kb5 c4 122. Kb4 c3 123. Kb3 c2 124. Kb2 c1=R 125.
Kxc1 Kc6 126. b7 Kc7 127. b8=B+ Kxb8 1/2-1/2

[Event "Bahamas International"]
[Site "Nassau"]
[Date "2012.10.27"]
[Round "7"]
[White "Santarius, Erik F"]
[Black "Norowitz, Yaacov"]
[Result "1/2-1/2"]
[WhiteElo "2278"]
[BlackElo "2420"]
[PlyCount "135"]
[EventDate "2012.10.??"]
[EventType "swiss"]
[EventRounds "9"]
[EventCountry "BAH"]

1. e4 c6 2. d4 d5 3. Nd2 g6 4. c3 Bg7 5. Ngf3 Nf6 6. Bd3 Bg4 7. exd5 cxd5 8.
O-O O-O 9. h3 Bxf3 10. Nxf3 Qc7 11. Ne5 Nc6 12. f4 e6 13. Qf3 Ne8 14. Be3 Nd6
15. Rae1 f6 16. Ng4 Rae8 17. Bc1 Ne4 18. Ne3 f5 19. g4 Bf6 20. Qg2 a6 21. Bxe4
fxe4 22. Qg3 Qd8 23. g5 Bg7 24. h4 Rf7 25. h5 Ne7 26. hxg6 Nxg6 27. f5 exf5 28.
Rxf5 Rxf5 29. Nxf5 Qd7 30. Ne3 Rf8 31. Rf1 Rxf1+ 32. Kxf1 Qf7+ 33. Ke1 Nf4 34.
Kd2 Bf8 35. Kc2 Kh8 36. Ng4 Nd3 37. Nf6 Be7 38. Qc7 Nxc1 39. Kxc1 Kg7 40. Nxd5
Bxg5+ 41. Kd1 Qxc7 42. Nxc7 h5 43. Ne8+ Kg6 44. Nd6 e3 45. Ke2 h4 46. Nc4 h3
47. Ne5+ Kf5 48. Nf3 Bf4 49. Kd3 h2 50. Nxh2 Bxh2 51. Kxe3 Bf4+ 52. Kd3 Ke6 53.
a4 Kd5 54. c4+ Ke6 55. b4 Bc7 56. Ke4 Bg3 57. b5 a5 58. Kd3 b6 59. Ke4 Bf2 60.
Kd3 Kd7 61. Ke4 Ke6 62. Kd3 Kf5 63. c5 Ke6 64. Kc4 Bg3 65. cxb6 Kd6 66. b7 Kc7
67. b8=B+ Kxb8 68. b6 1/2-1/2

[Event "Bahamas International"]
[Site "Nassau"]
[Date "2012.10.27"]
[Round "7"]
[White "Shabalov, Alexander"]
[Black "O'Donnell, Tom"]
[Result "1-0"]
[WhiteElo "2570"]
[BlackElo "2350"]
[PlyCount "67"]
[EventDate "2012.10.??"]
[EventType "swiss"]
[EventRounds "9"]
[EventCountry "BAH"]

1. e4 Nc6 2. d4 d5 3. e5 Bf5 4. Nf3 e6 5. Be2 Qd7 6. O-O f6 7. a3 fxe5 8. dxe5
Nge7 9. b4 Ng6 10. Bb2 Nf4 11. Bb5 Be7 12. Nd4 O-O 13. g3 Nh3+ 14. Kg2 Ng5 15.
Nxf5 exf5 16. f4 Ne4 17. Nd2 Rad8 18. Nxe4 dxe4 19. Qxd7 Rxd7 20. Bc3 h6 21. g4
g6 22. Rad1 Rxd1 23. Rxd1 Rd8 24. Rxd8+ Bxd8 25. Bc4+ Kg7 26. Bd5 a6 27. Kg3 h5
28. h3 hxg4 29. hxg4 Kf8 30. Bd2 Nd4 31. Bxb7 Nxc2 32. Bc1 fxg4 33. Bxe4 Nd4
34. Kxg4 1-0

[Event "Bahamas International"]
[Site "Nassau"]
[Date "2012.10.27"]
[Round "7"]
[White "Carreto Nieto, Giovanni"]
[Black "Sambuev, Bator"]
[Result "0-1"]
[WhiteElo "2247"]
[BlackElo "2524"]
[PlyCount "54"]
[EventDate "2012.10.??"]
[EventType "swiss"]
[EventRounds "9"]
[EventCountry "BAH"]

1. e4 e6 2. d4 d5 3. Nc3 Bb4 4. e5 c5 5. a3 Ba5 6. b4 cxd4 7. Nb5 Bc7 8. f4 Bd7
9. Nxc7+ Qxc7 10. Bd3 a6 11. a4 Ne7 12. Nf3 Nbc6 13. Qd2 O-O 14. Bb2 Nf5 15.
Bxf5 exf5 16. Nxd4 Rfc8 17. Ra2 a5 18. Nb5 Qd8 19. c3 d4 20. Nxd4 Qh4+ 21. g3
Qh3 22. b5 Nxd4 23. cxd4 Be6 24. Ra3 Bd5 25. Rf1 h5 26. Qf2 Qg4 27. Kd2 Rc4 0-1

[Event "Bahamas International"]
[Site "Nassau"]
[Date "2012.10.28"]
[Round "8"]
[White "Norowitz, Yaacov"]
[Black "Friedel, Joshua E"]
[Result "1-0"]
[WhiteElo "2420"]
[BlackElo "2495"]
[PlyCount "153"]
[EventDate "2012.10.??"]
[EventType "swiss"]
[EventRounds "9"]
[EventCountry "BAH"]

1. d4 Nf6 2. Nf3 g6 3. e3 Bg7 4. Be2 O-O 5. b3 c5 6. O-O d5 7. Bb2 cxd4 8. Nxd4
Re8 9. Nf3 Nc6 10. Bb5 a6 11. Bxc6 bxc6 12. h3 a5 13. Be5 Ba6 14. Re1 Bf8 15.
Bb2 Qc7 16. Na3 e5 17. c4 Bb4 18. Re2 Rad8 19. Qc1 Qb8 20. Nc2 Bf8 21. Qe1 Nd7
22. Qxa5 Bxc4 23. Rd2 d4 24. exd4 e4 25. Ne5 Bd5 26. Re2 Bd6 27. Ne3 Bc7 28.
Qe1 Re6 29. N3g4 f6 30. Nxd7 Rxd7 31. f3 Bg3 32. Qf1 f5 33. fxe4 fxe4 34. Nf6+
Rxf6 35. Qxf6 Rf7 36. Qg5 Bf4 37. Qg4 e3 38. Kh1 Qe8 39. Rae1 Qe4 40. Rxe3 Bxe3
41. Qxe4 Bxe4 42. Rxe3 Rf1+ 43. Kh2 Bd5 44. Re2 Rd1 45. Kg3 Kf7 46. Kf2 g5 47.
Bc3 Kg6 48. Rd2 Rb1 49. Rb2 Rd1 50. Bd2 Rh1 51. Be1 h5 52. Re2 h4 53. Re5 Kf6
54. Rxd5 cxd5 55. a4 Ke6 56. b4 Kd7 57. b5 Kc7 58. a5 Kb8 59. a6 Ka7 60. Bd2
Rb1 61. Bxg5 Rxb5 62. Bxh4 Kxa6 63. Bf6 Kb7 64. h4 Kc6 65. h5 Rb7 66. g4 Rh7
67. Kg3 Kd6 68. Kf4 Ke6 69. Kg5 Rf7 70. Be5 Ke7 71. Kg6 Kf8 72. Bf6 Kg8 73. g5
Ra7 74. Be5 Rh7 75. h6 Rf7 76. Kh5 Rf1 77. g6 1-0

[Event "Bahamas International"]
[Site "Nassau"]
[Date "2012.10.28"]
[Round "8"]
[White "Sambuev, Bator"]
[Black "Shabalov, Alexander"]
[Result "0-1"]
[WhiteElo "2524"]
[BlackElo "2570"]
[PlyCount "58"]
[EventDate "2012.10.??"]
[EventType "swiss"]
[EventRounds "9"]
[EventCountry "BAH"]

1. d4 d5 2. Nf3 Nf6 3. Bg5 e6 4. c4 Be7 5. Nc3 h6 6. Bh4 O-O 7. e3 b6 8. Bd3 c5
9. O-O cxd4 10. Nxd4 Bb7 11. Rc1 Nbd7 12. cxd5 Nxd5 13. Bg3 Nc5 14. Bb1 Bf6 15.
Qc2 g6 16. Rfd1 Qe7 17. Ndb5 Rfd8 18. Bd6 Rxd6 19. Nxd6 Qxd6 20. e4 Be5 21.
exd5 Bxh2+ 22. Kh1 Bf4 23. b4 Nd7 24. Rd3 Bxc1 25. Qxc1 h5 26. Nb5 Qe7 27. dxe6
Qxe6 28. Nc7 Rc8 29. Rc3 Rxc7 0-1

[Event "Bahamas International"]
[Site "Nassau"]
[Date "2012.10.28"]
[Round "8"]
[White "Selzler, Richard"]
[Black "Mascarenhas, Alberto Pinheiro"]
[Result "1/2-1/2"]
[WhiteElo "2200"]
[BlackElo "2261"]
[PlyCount "123"]
[EventDate "2012.10.??"]
[EventType "swiss"]
[EventRounds "9"]
[EventCountry "BAH"]

1. e4 e6 2. d4 b6 3. Bd3 Bb7 4. Nf3 c5 5. c3 cxd4 6. cxd4 Bb4+ 7. Nbd2 Nf6 8.
Qe2 d5 9. e5 Ne4 10. O-O Nxd2 11. Nxd2 Nc6 12. Qg4 Bf8 13. Nf3 Qd7 14. Bd2
O-O-O 15. Rfc1 Kb8 16. a3 Ne7 17. Bb4 Ng6 18. h4 Bxb4 19. axb4 Rdg8 20. h5 Ne7
21. b5 h6 22. Qf4 Nc8 23. Ra3 g5 24. hxg6 fxg6 25. Rac3 g5 26. Qd2 Rg7 27. Ne1
Qe7 28. Nc2 g4 29. g3 h5 30. Nb4 h4 31. Na6+ Bxa6 32. bxa6 hxg3 33. fxg3 Qg5
34. Qxg5 Rxg5 35. Rc7 Rgh5 36. Rb7+ Ka8 37. Kf2 Rh2+ 38. Ke3 Rxb2 39. Rc3 Rg2
40. Kf4 Rf8+ 41. Kg5 Rxg3 42. Kh4 Rgf3 43. Kxg4 R3f4+ 44. Kg3 Rf3+ 45. Kg2 Rf2+
46. Kg1 R2f3 47. Rg7 Kb8 48. Kg2 Rf2+ 49. Kg1 R2f3 50. Rb7+ Ka8 51. Rbc7 Kb8
52. Rb7+ Ka8 53. Kg2 Rf2+ 54. Kg3 R2f3+ 55. Kg4 R3f4+ 56. Kg5 Rxd4 57. Kg6 Rg4+
58. Kh7 Rg3 59. Rbc7 Kb8 60. Rb7+ Ka8 61. Rbc7 Kb8 62. Rb7+ 1/2-1/2

[Event "Bahamas International"]
[Site "Nassau"]
[Date "2012.10.28"]
[Round "8"]
[White "Goldin, Alexander"]
[Black "Gerzhoy, Leonid"]
[Result "1/2-1/2"]
[WhiteElo "2549"]
[BlackElo "2469"]
[PlyCount "83"]
[EventDate "2012.10.??"]
[EventType "swiss"]
[EventRounds "9"]
[EventCountry "BAH"]

1. Nf3 d5 2. g3 c6 3. Bg2 Bg4 4. O-O Nd7 5. d3 e5 6. e4 dxe4 7. dxe4 Ngf6 8. h3
Bh5 9. Qe1 Bc5 10. a4 O-O 11. Na3 Re8 12. Nc4 Qc7 13. Nh4 Rad8 14. Bg5 Bf8 15.
Kh1 Nc5 16. Bxf6 gxf6 17. Nf5 Ne6 18. c3 Rd3 19. f3 Red8 20. Qe2 Bg6 21. Nfe3
h5 22. h4 Bh6 23. Rfd1 Rxd1+ 24. Rxd1 Rxd1+ 25. Nxd1 f5 26. exf5 Bxf5 27. Qxe5
Qxe5 28. Nxe5 Bc2 29. Nf2 Bxa4 30. f4 f6 31. Nc4 Bf8 32. Bf3 Bb5 33. Na5 Nd8
34. Bxh5 b6 35. Nb3 c5 36. Bf3 Bd7 37. Nd2 b5 38. Kg2 a5 39. Bd5+ Kg7 40. Kf3
a4 41. Ke2 Ne6 42. Kd1 1/2-1/2

[Event "Bahamas International"]
[Site "Nassau"]
[Date "2012.10.28"]
[Round "9"]
[White "Santarius, Erik F"]
[Black "Goldin, Alexander"]
[Result "1/2-1/2"]
[WhiteElo "2278"]
[BlackElo "2549"]
[PlyCount "83"]
[EventDate "2012.10.??"]
[EventType "swiss"]
[EventRounds "9"]
[EventCountry "BAH"]

1. d4 Nf6 2. c4 c5 3. Nf3 cxd4 4. Nxd4 b6 5. Nc3 Bb7 6. Bg5 d6 7. e3 Nbd7 8. a4
a6 9. a5 e6 10. f3 Be7 11. Qb3 O-O 12. Be2 Rb8 13. axb6 Nxb6 14. O-O Qc7 15.
Na4 Nbd7 16. Qc2 Rfc8 17. Nc3 Nb6 18. Rfc1 Nxc4 19. Nd1 Qd8 20. Bxc4 d5 21. Qe2
dxc4 22. Rxc4 Rxc4 23. Qxc4 Qb6 24. Qb3 Qc7 25. Qc3 Qd7 26. Qe1 e5 27. Qg3 Re8
28. Qxe5 h6 29. Bh4 Nd5 30. Qf5 Qxf5 31. Nxf5 Bxh4 32. Nxh4 Nxe3 33. Nxe3 Rxe3
34. Nf5 Rd3 35. Ng3 Rd5 36. Ne4 f5 37. Nc3 Rd2 38. b4 Rb2 39. Na4 Rxb4 40. Nc5
Bc8 41. Nxa6 Rc4 42. Ra5 1/2-1/2